00642nam a2200205Ia 4500003000400000005001700004008004100021020001800062040001800080041000800098082002300106100001800129245009200147250001200239260003600251300003000287650005100317650004900368700001900417OSt20220720094617.0210716s2010 xx 000 0 und d a9783540794530 cAIMIT LIBRARY aeng a005.4482 21bWUZH aWu, Zhao Hui. aSemantic grid :bmodel methodology and applications /cBy Zhao-hui Wu and Hua-jun Chen. a1st ed. aNew Delhi :bSpringer ,c2010 . axiii, 230p. ;bPBc23 cm. 2Knowledge representation for the semantic grid 2Service flow management in the semantic grid aChen, Hua Jun.